| 000 | 01013cab a2200289 4500 | ||
|---|---|---|---|
| 001 | WB3138-65 | ||
| 008 | 090401t1995 xxu||||| |||| 00| 0 eng d | ||
| 035 | _a(Sirsi) u69482 | ||
| 041 | _aeng | ||
| 245 | _aColliers Erdman Lewis rescued by Conrad Ritblat | ||
| 260 | _c1995 | ||
| 350 | _a0 | ||
| 490 |
_aDaily Telegraph _v11 October 1995, 28 |
||
| 490 |
_aBirmingham Post _vProperty Review 12 October 1995, 27 |
||
| 490 |
_aEstates Gazette _v(9541) 14 October 1995, 41 |
||
| 490 |
_aProperty Week _v53(3) 19 October 1995, 5(3) |
||
| 520 | _aAfter CEL goes into receivership Conrad Ritblat stepped in to provide financial support, and purchasing the company for £1. Leading clients of CEL have remained loyal. | ||
| 650 | _aCOLLIERS ERDMAN LEWIS | ||
| 650 | _aCOMMERCIAL AGENTS | ||
| 650 | _aCONRAD RITBLAT | ||
| 650 | _aRECEIVERSHIP | ||
| 650 | _aSURVEYING FIRMS | ||
| 650 | _aTAKEOVER | ||
| 690 | _aMANAGEMENT-BUSINESS MANAGEMENT-PROFESSIONAL PRACTICE | ||
| 942 | _n0 | ||
| 948 | _c04/03/1997 | ||
| 999 |
_c43643 _d43643 |
||